| 000 | 00453nam a22001697a 4500 | ||
|---|---|---|---|
| 003 | NUST - PNEC | ||
| 005 | 20170116181114.0 | ||
| 008 | 151004b xxu||||| |||| 00| 0 eng d | ||
| 020 | _a- | ||
| 040 | _cLIBRARY | ||
| 082 | _a671 EDG | ||
| 100 |
_913079 _aEdgar, Carroll |
||
| 245 |
_aFundamentals of manufacturing processes and materials. _cCarroll Edgar |
||
| 260 | _cc.1965 | ||
| 650 |
_913082 _aManufacturing processes _xIME, ME |
||
| 942 |
_2ddc _cBK |
||
| 999 |
_c69238 _d69238 |
||